000 00555nam a2200169Ia 4500
005 20250424120331.0
008 250424s9999 xx 000 0 und d
022 _a07940378
050 _aQ 85.4 .N52/
245 4 _aThe nigerian journal of pure and applied sciences
260 _aIlorin, Kwara
260 _bFaculty of Science, University of Ilorin
260 _c2011
300 _av. : ill., maps ; 29 cm.
650 _aScience--Nigeria--Periodicals. Technology--Nigeria--Periodicals. Science--Periodicals. Technology--Periodicals.
942 _cSR
999 _c38723
_d38723